| 000 | 00916nam a22002897a 4500 | ||
|---|---|---|---|
| 003 | CHAP | ||
| 005 | 20220329135357.0 | ||
| 008 | 971013s r 00010 d | ||
| 010 | _a35330 | ||
| 011 | _a36302 | ||
| 035 | _a40421 | ||
| 040 | _cCHAP | ||
| 090 | _aFolleto 3385 | ||
| 110 |
_aMéxico. Secretaría de Agricultura y Ganadería. Dirección General de Proyectos y Construcciones _977116 |
||
| 245 | _aEstablos tipo ganado lechero | ||
| 260 |
_a(s.l. : _bs.e.), _c(s.a.) |
||
| 300 |
_apág. varía _b; planos |
||
| 590 |
_aBATCH-UPD _b10 _c20130110 _lUCH01 _h1832 |
||
| 590 |
_aBATCH-UPD _b10 _c20130410 _lUCH01 _h1204 |
||
| 590 |
_aBATCH-UPD _b10 _c20130914 _lUCH01 _h1322 |
||
| 590 |
_aCONVERSION _b10 _c20130109 _lUCH01 _h1320 |
||
| 650 | 1 | 4 |
_aEstablos. _938184 |
| 650 | 1 | 4 |
_aEstablos _xDiseños y planos. _938186 |
| 901 | _aBK | ||
| 942 | _cFOLL | ||
| 949 |
_aFolleto 3385 _bBC _cFOLL _d-92400 _eTS1 _i40421 _si |
||
| 999 |
_c35330 _d35330 |
||